[Event "Zonal 2.5 2017"]
[Site "Villa Martelli ARG"]
[Date "2017.04.30"]
[Round "1.1"]
[White "Mareco,S"]
[Black "Sica,Mauro"]
[Result "1-0"]
[WhiteElo "2655"]
[BlackElo "2142"]

1.Nf3 d6 2.d4 f5 3.g3 g6 4.Bg2 Nf6 5.O-O Bg7 6.b3 O-O 7.Bb2 Ne4 8.c4 c5 9.Qc1
cxd4 10.Bxd4 e5 11.Bb2 Nc6 12.Nc3 Nxc3 13.Qxc3 Bf6 14.Qd2 Qe7 15.Rad1 Rd8
16.Ba3 e4 17.Ne1 Be5 18.Nc2 Be6 19.f3 exf3 20.exf3 Qg7 21.f4 Bf6 22.Bxd6 Bf7
23.Qf2 Rd7 24.Bf8 Rxd1 25.Bxg7 Rxf1+ 26.Kxf1 Kxg7 27.Bxc6 bxc6 28.Nb4 Rb8
29.Qc5 Rd8 30.Nxc6 {#r} 1-0

[Event "Zonal 2.5 2017"]
[Site "Villa Martelli ARG"]
[Date "2017.04.30"]
[Round "1.2"]
[White "Villca,Julian"]
[Black "Morovic Fernandez,I"]
[Result "0-1"]
[WhiteElo "2137"]
[BlackElo "2527"]

1.c4 Nf6 2.g3 g6 3.Bg2 Bg7 4.Nc3 O-O 5.e3 d6 6.Nge2 e5 7.O-O Re8 8.d4 e4 9.h3
h5 10.Nf4 c6 11.b4 Bf5 12.Bb2 Nbd7 13.Qe2 Rc8 14.a4 a5 15.b5 Nb6 16.Rfc1 c5
17.Nd1 Qe7 18.Ra2 Rc7 19.Bc3 Ra8 20.Bf1 Nbd7 21.Rd2 Rcc8 22.Nb2 cxd4 23.exd4
Bh6 24.Re1 Bxf4 25.gxf4 Nd5 26.Nd1 Nxf4 27.Qe3 Qh4 28.Qg3 Nxh3+ 29.Bxh3 Qxg3+
30.fxg3 Bxh3 31.Rxe4 Rxc4 {#R} 0-1

[Event "Zonal 2.5 2017"]
[Site "Villa Martelli ARG"]
[Date "2017.04.30"]
[Round "1.4"]
[White "Krysa,L"]
[Black "Gimenez,I"]
[Result "1-0"]
[WhiteElo "2517"]
[BlackElo "2137"]

1.d4 Nf6 2.c4 e6 3.Nc3 d5 4.cxd5 exd5 5.Bg5 Be7 6.e3 c6 7.Bd3 Nbd7 8.Nge2 Nh5
9.Bxe7 Qxe7 10.Qd2 g6 11.f3 Nb6 12.O-O O-O 13.Rae1 Be6 14.g4 Ng7 15.Nf4 Rae8
16.Qg2 c5 17.Kh1 a6 18.Qf2 cxd4 19.exd4 Qf6 20.Ng2 Bd7 21.Re5 Bc6 22.Rfe1 Qd6
23.a3 f6 24.Rxe8 Rxe8 25.Rxe8+ Bxe8 26.Kg1 Bc6 27.Qe3 Qe6 28.Qf4 Qe7 29.Qb8+
Ne8 30.Bxa6 Nd7 31.Qa8 Nb6 32.Qa7 Qc7 33.Bf1 Nd7 34.b4 Qb6 35.Qxb6 Nxb6 36.b5
Bd7 37.a4 Nc7 38.a5 Nc4 39.Nxd5 {#r} 1-0

[Event "Zonal 2.5 2017"]
[Site "Villa Martelli ARG"]
[Date "2017.04.30"]
[Round "1.5"]
[White "Vasquez Schroeder,R"]
[Black "Anino,S"]
[Result "1-0"]
[WhiteElo "2554"]
[BlackElo "2159"]

1.e4 e5 2.Nf3 Nc6 3.Bb5 Nge7 4.c3 g6 5.d4 exd4 6.cxd4 d5 7.exd5 Nxd5 8.O-O Bg7
9.Re1+ Be6 10.Bg5 Qd6 11.Nbd2 O-O 12.Nc4 Qb4 13.a4 Rfe8 14.Bd2 Qf8 15.Na5 Nxd4
16.Bxe8 Rxe8 17.h3 b6 18.Nc4 c5 19.Rc1 h6 20.b3 Rd8 21.Nxd4 Bxd4 22.Qf3 Nb4
23.Kh1 Qg7 24.Bc3 Bd5 25.Qg3 Bxc4 26.Bxd4 Rxd4 27.Rxc4 Nc6 28.Qc7 Qf6 29.Kg1
Kg7 30.Rxd4 Nxd4 31.Re3 a6 32.a5 Nf5 33.axb6 Nxe3 34.fxe3 {#r} 1-0

[Event "Zonal 2.5 2017"]
[Site "Villa Martelli ARG"]
[Date "2017.04.30"]
[Round "1.6"]
[White "Aguero Arce,Matias"]
[Black "Real de Azua,E"]
[Result "0-1"]
[WhiteElo "2124"]
[BlackElo "2478"]

1.d4 Nf6 2.Nf3 e6 3.c4 d5 4.Nc3 dxc4 5.e3 a6 6.Bxc4 b5 7.Be2 Bb7 8.a3 c5
9.dxc5 Qxd1+ 10.Bxd1 Bxc5 11.b4 Bd6 12.Bb2 Nbd7 13.Bb3 Ke7 14.Nd4 Ne5 15.O-O-O
Nfg4 16.Rd2 Nxf2 17.Rf1 Nfd3+ 18.Kc2 Nxb2 19.Kxb2 Rhd8 20.h3 Rac8 21.g4 Nc4+
22.Bxc4 Rxc4 23.g5 Be5 24.Rdf2 f5 25.gxf6+ Bxf6 26.Nce2 Be4 27.Kb3 e5 28.Ng3
exd4 29.Nxe4 dxe3 30.Rf4 e2 31.Re1 Rd3+ 32.Ka2 Rc2+ 33.Kb1 Rb2+ 34.Kc1 Rd1+
{#R} 0-1

[Event "Queima das Fitas Open"]
[Site "Coimbra POR"]
[Date "2017.04.30"]
[Round "4.3"]
[White "Veiga,Jose Francisco R P Neves"]
[Black "Campora,D"]
[Result "0-1"]
[WhiteElo "2145"]
[BlackElo "2439"]

1.e4 d6 2.d4 Nf6 3.Nc3 e5 4.dxe5 dxe5 5.Qxd8+ Kxd8 6.Bg5 Be6 7.O-O-O+ Nd7
8.Nd5 Bd6 9.f3 h6 10.Be3 Ne8 11.Kb1 c6 12.Nc3 Kc7 13.Nge2 Nef6 14.Nc1 Bc5
15.Bxc5 Nxc5 16.Nb3 Nfd7 17.Be2 a5 18.Rd2 b5 19.Nxc5 Nxc5 20.Nd1 Rad8 21.Rxd8
Rxd8 22.Ne3 g6 23.Rd1 Rf8 24.Bd3 f5 25.Rf1 f4 26.Nd1 g5 27.Nf2 h5 28.h3 Nxd3
29.Nxd3 Bc4 30.Rd1 Rd8 31.b3 Bxd3 32.Rxd3 Rxd3 33.cxd3 Kd6 34.d4 exd4 35.Kc2
c5 36.Kd3 Ke5 37.a3 a4 38.bxa4 c4+ 39.Kd2 bxa4 40.Kc2 d3+ 41.Kc3 h4 42.Kd2 Kd4
{#R} 0-1

[Event "Queima das Fitas Open"]
[Site "Coimbra POR"]
[Date "2017.04.30"]
[Round "4.5"]
[White "Pereira,Ant2"]
[Black "Guimaraes,R"]
[Result "0-1"]
[WhiteElo "2137"]
[BlackElo "2100"]

1.d4 Nf6 2.c4 c5 3.d5 b5 4.cxb5 a6 5.b6 e6 6.Nc3 Bb7 7.e4 Qxb6 8.Nf3 Be7 9.Be2
d6 10.dxe6 fxe6 11.Bc4 d5 12.exd5 O-O 13.dxe6 Nc6 14.O-O Rad8 15.Qe2 Nd4
16.Nxd4 cxd4 17.Nd1 Nd5 18.Bd3 Nb4 19.Bd2 Nxd3 20.Qxd3 Qxe6 21.Re1 Qf7 22.Rc1
Bd6 23.a3 Qh5 24.h3 Rf3 25.Qe2 Kh8 26.Qe6 Rf6 27.Qg4 Qd5 28.Bg5 Rg8 29.f3 Rg6
30.h4 h6 31.Nf2 hxg5 32.Ne4 Rh6 33.Nxg5 Rf8 34.Re6 Rxe6 35.Nxe6 Rf7 36.Ng5 Kg8
37.Qh5 Qf5 38.g4 {#R} 0-1

[Event "Queima das Fitas Open"]
[Site "Coimbra POR"]
[Date "2017.04.30"]
[Round "4.6"]
[White "Cruz,Jor"]
[Black "Prata,Jorge"]
[Result "1-0"]
[WhiteElo "2059"]
[BlackElo "1725"]

1.e4 e5 2.Nf3 Nc6 3.Bb5 a6 4.Ba4 d6 5.O-O Bd7 6.c3 Nge7 7.d4 Ng6 8.Re1 Be7
9.c4 O-O 10.Bxc6 Bxc6 11.Nc3 Bd7 12.h3 h6 13.b3 Bg5 14.Nxg5 hxg5 15.Qh5 Nf4
16.Bxf4 exf4 17.Rad1 Re8 18.e5 Re6 19.exd6 Rh6 20.dxc7 Qxc7 21.Qxg5 Bxh3
22.Nd5 Qd6 23.Qxf4 Qxf4 24.Nxf4 Bf5 25.Re5 g6 26.Nd5 Kg7 27.Re7 Rah8 28.Kf1
Bb1 29.Rxb7 Bxa2 30.Ke2 Rh1 31.Nc3 Re8+ 32.Kd2 Rh2 33.Nxa2 Rxg2 34.Rf1 {#r}
1-0

[Event "Queima das Fitas Open"]
[Site "Coimbra POR"]
[Date "2017.04.30"]
[Round "4.8"]
[White "Godinho Marques,Pedro"]
[Black "Simoes,Miguel Patricio"]
[Result "1-0"]
[WhiteElo "1903"]
[BlackElo "1654"]

1.d4 Nf6 2.Nf3 g6 3.Bf4 Bg7 4.e3 d5 5.h3 O-O 6.Bd3 Nbd7 7.O-O b6 8.Nbd2 Bb7
9.Re1 c5 10.c3 Rc8 11.Rc1 c4 12.Bc2 b5 13.e4 dxe4 14.Nxe4 Nxe4 15.Bxe4 Bxe4
16.Rxe4 Nf6 17.Re2 Nd5 18.Qd2 Nxf4 19.Qxf4 Qc7 20.Qe4 e6 21.Ne5 Bxe5 22.Qxe5
Rfd8 23.Qxb5 Rd5 24.Qa4 Ra5 25.Qd1 Rxa2 26.Ra1 Rxa1 27.Qxa1 Rd8 28.Re5 Rd5
29.Qe1 Qb7 30.Rxd5 Qxd5 31.Qe5 Qxe5 32.dxe5 f6 33.f4 g5 34.fxg5 fxg5 35.Kf2
Kf7 36.Ke3 Kg6 37.g4 {#r} 1-0

[Event "Queima das Fitas Open"]
[Site "Coimbra POR"]
[Date "2017.04.30"]
[Round "4.9"]
[White "Fernandes,Ricardo Paulos"]
[Black "Marin Aso,Jose Luis"]
[Result "1-0"]
[WhiteElo "1778"]
[BlackElo "1902"]

1.b3 Nf6 2.Bb2 g6 3.c4 Bg7 4.g3 O-O 5.Bg2 d6 6.Nf3 e5 7.d3 Nbd7 8.Nbd2 c6
9.O-O Re8 10.Qc2 Qb6 11.Rac1 Nc5 12.Ba3 a5 13.Rfd1 Ng4 14.Bxc5 Qxc5 15.Ne4 Qb4
16.a3 Qb6 17.h3 f5 18.c5 dxc5 19.Nd6 Nf6 20.Nxe8 Nxe8 21.Qc4+ Kh8 22.Ng5 Nd6
23.Qxc5 Qd8 24.Qxd6 Qxg5 25.Qc7 {#r} 1-0

[Event "Queima das Fitas Open"]
[Site "Coimbra POR"]
[Date "2017.04.30"]
[Round "4.11"]
[White "Dias,Ricardo Pedro Cruz"]
[Black "Clavero Alarcon,J"]
[Result "1-0"]
[WhiteElo "2142"]
[BlackElo "1790"]

1.e4 c5 2.Nf3 e6 3.d4 cxd4 4.Nxd4 a6 5.Bd3 g6 6.O-O Bg7 7.Nb3 d6 8.Qe2 Nd7
9.f4 Qc7 10.c3 b6 11.Be3 Ngf6 12.N1d2 Nc5 13.Nxc5 bxc5 14.e5 dxe5 15.fxe5 Qxe5
16.Nc4 Qh5 17.Nd6+ Kd7 18.Qxh5 gxh5 19.Nxf7 Bb7 20.Nxh8 Rxh8 21.Bxc5 Rg8
22.Rad1 Bf8 23.Rxf6 Bxc5+ 24.Kf1 Ke7 25.Rxe6+ Kf8 26.Be4 Kf7 27.Bxb7 {#r} 1-0

[Event "Queima das Fitas Open"]
[Site "Coimbra POR"]
[Date "2017.04.30"]
[Round "4.12"]
[White "Ferreira,Ant2"]
[Black "Saraiva,F"]
[Result "1-0"]
[WhiteElo "2092"]
[BlackElo "1775"]

1.d4 d5 2.c4 c6 3.Nc3 Nf6 4.Nf3 e6 5.cxd5 exd5 6.Bg5 Be7 7.Qc2 Nbd7 8.e3 Nf8
9.Bd3 Bg4 10.Ne5 Bh5 11.O-O Ng6 12.h3 Nxe5 13.dxe5 Nd7 14.Bxe7 Qxe7 15.f4 f6
16.exf6 gxf6 17.Rae1 O-O-O 18.Nxd5 Qd6 19.Nc3 Nc5 20.Bf5+ Kb8 21.Ne4 Nxe4
22.Bxe4 Rhg8 23.b4 Rg3 24.Kh2 Rdg8 25.Rf2 Qe7 26.Bxh7 R8g7 27.Qc5 Qe8 28.Qd6+
Ka8 29.Rd2 a6 30.Qxf6 Ka7 31.Qd4+ b6 32.a4 Bf3 33.Rg1 Qh5 34.Be4 Bxg2 35.Bxg2
Qh4 36.a5 c5 37.axb6+ Kxb6 38.Qxc5# 1-0

[Event "Queima das Fitas Open"]
[Site "Coimbra POR"]
[Date "2017.04.30"]
[Round "4.14"]
[White "Silva,Ana Ines Teixeira Da"]
[Black "Cavaleiro,D"]
[Result "0-1"]
[WhiteElo "1771"]
[BlackElo "2020"]

1.e4 g6 2.d4 Bg7 3.Nc3 d6 4.Be3 a6 5.a4 b6 6.g3 Bb7 7.Bg2 Nf6 8.h3 Nbd7 9.Nge2
c5 10.d5 Ne5 11.O-O O-O 12.f4 Nc4 13.Bc1 Ne8 14.b3 Na5 15.Bb2 b5 16.Qd2 b4
17.Nd1 e5 18.fxe5 dxe5 19.Nf2 f6 20.Nc1 Bc8 21.c3 Rb8 22.cxb4 cxb4 23.Nfd3
Qb6+ 24.Qf2 Bh6 25.Nc5 Nd6 26.N1d3 Nxb3 27.a5 Qa7 28.Rae1 Nxa5 29.Bc1 Bxc1
30.Rxc1 Nac4 31.Nxe5 Nxe5 {#R} 0-1

[Event "Queima das Fitas Open"]
[Site "Coimbra POR"]
[Date "2017.04.30"]
[Round "4.15"]
[White "Felizes,P"]
[Black "Pipiras,Filipa Fortuna"]
[Result "1-0"]
[WhiteElo "1979"]
[BlackElo "1606"]

1.d4 Nf6 2.Bg5 Ne4 3.h4 c5 4.dxc5 Qa5+ 5.Nd2 Nxg5 6.hxg5 g6 7.c3 Qxc5 8.Ngf3
Bg7 9.e4 O-O 10.Bc4 Nc6 11.Qe2 a6 12.a4 Ne5 13.Nxe5 Qxe5 14.Qe3 Qc7 15.f4 d6
16.Qg3 Bd7 17.f5 Rfc8 18.Qh4 Qc5 19.Qxh7+ Kf8 20.f6 Qe3+ 21.Kd1 Bg4+ 22.Kc2
Qxg5 23.Qxg7+ Ke8 24.Qxf7+ Kd7 25.Qxe7+ Kc6 26.Bd5+ Kc5 27.b4+ {#r} 1-0

[Event "Queima das Fitas Open"]
[Site "Coimbra POR"]
[Date "2017.04.30"]
[Round "4.16"]
[White "Barrento,J"]
[Black "Jorge,Rita Maria Osorio"]
[Result "0-1"]
[WhiteElo "1697"]
[BlackElo "1932"]

1.Nf3 d5 2.b4 Nf6 3.Bb2 Bf5 4.e3 e6 5.a3 Be7 6.c4 O-O 7.d4 dxc4 8.Bxc4 c6
9.Nc3 Nbd7 10.O-O Nb6 11.Bd3 Bxd3 12.Qxd3 c5 13.bxc5 Bxc5 14.Rfd1 Be7 15.a4
Rc8 16.Ne5 Nfd7 17.Nxd7 Qxd7 18.Ba3 Nc4 19.Bxe7 Qxe7 20.Rdc1 b6 21.Nb5 Na5
22.Rxc8 Rxc8 23.g3 h6 24.Qa3 Qxa3 25.Rxa3 a6 26.Rc3 Rc4 27.Rxc4 Nxc4 28.Nc7 a5
29.d5 exd5 30.Nxd5 Kf8 31.Kf1 Ke8 32.Ke2 Kd7 33.Kd3 Nb2+ 34.Kd4 Nxa4 35.Kc4
Kd6 36.Nf4 Kc6 37.Ne2 b5+ 38.Kb3 Kd5 39.f3 Nc5+ 40.Ka2 Kc4 41.e4 b4 {#R} 0-1

[Event "Queima das Fitas Open"]
[Site "Coimbra POR"]
[Date "2017.04.30"]
[Round "4.17"]
[White "Dias,Jose Oliveira Gaspar"]
[Black "Dionizio,Andre Filipe Nasciment"]
[Result "0-1"]
[WhiteElo "1664"]
[BlackElo "1914"]

1.e4 c6 2.d3 d5 3.Nd2 e5 4.Ngf3 Nd7 5.g3 Ngf6 6.Bg2 Bd6 7.O-O O-O 8.Re1 Re8
9.a4 b6 10.b3 Bb7 11.Bb2 Qc7 12.Rc1 Rad8 13.exd5 cxd5 14.Re2 h6 15.Qe1 Ba6
16.Nh4 Qb8 17.Nf5 e4 18.c4 Nc5 19.Bxf6 Nxd3 20.Nxd6 Nxe1 21.Bxd8 Qxd6 22.Bxb6
Nd3 23.Rc3 Qxb6 24.Rxd3 dxc4 25.Nxc4 Bxc4 26.bxc4 Qb1+ 27.Bf1 Qxd3 28.f3 Qxf3
29.Rf2 Qc3 {#R} 0-1

[Event "Queima das Fitas Open"]
[Site "Coimbra POR"]
[Date "2017.04.30"]
[Round "4.19"]
[White "Santos,Ricardo Alexandre Luis"]
[Black "Oliveira,Joao Andre Cristovao D"]
[Result "1-0"]
[WhiteElo "1901"]
[BlackElo "1554"]

1.e4 b6 2.d4 Bb7 3.Bd3 e6 4.Nf3 Nc6 5.c3 h6 6.O-O Qe7 7.d5 Nd8 8.c4 g6 9.Nc3
e5 10.Be3 Nf6 11.Nd2 d6 12.b4 Bg7 13.Nb3 O-O 14.c5 c6 15.dxc6 Nxc6 16.b5 dxc5
17.bxc6 Bxc6 18.Qc2 Rfd8 19.Bc4 Rd7 20.Rfd1 Ng4 21.Rxd7 Bxd7 22.Nd5 Qh4 23.h3
Nxe3 24.Nxe3 b5 25.Nxc5 bxc4 26.Nxd7 Qe7 27.Rd1 Rd8 28.Qxc4 {#r} 1-0

[Event "Queima das Fitas Open"]
[Site "Coimbra POR"]
[Date "2017.04.30"]
[Round "4.20"]
[White "Marret,C"]
[Black "Moreira,B"]
[Result "0-1"]
[WhiteElo "1605"]
[BlackElo "1877"]

1.Nf3 Nf6 2.g3 d5 3.d4 c5 4.Bg2 Nc6 5.c3 Bg4 6.O-O Qd7 7.Ne5 Nxe5 8.dxe5 Ng8
9.f3 Be6 10.Be3 Rc8 11.a4 h5 12.Na3 f6 13.f4 h4 14.Rc1 Bh3 15.Bxd5 hxg3
16.Bf7+ Kxf7 17.Qxd7 gxh2+ 18.Kf2 Bxd7 19.Nc4 Nh6 20.Na5 Ng4+ 21.Kf3 Rh3+
22.Ke4 Rxe3+ {#R} 0-1

[Event "Queima das Fitas Open"]
[Site "Coimbra POR"]
[Date "2017.04.30"]
[Round "5.3"]
[White "Spraggett,K"]
[Black "Godinho Marques,Pedro"]
[Result "1-0"]
[WhiteElo "2534"]
[BlackElo "1903"]

1.e4 c5 2.Nf3 a6 3.Nc3 Nc6 4.d4 cxd4 5.Nxd4 d6 6.g3 Nf6 7.Bg2 Bg4 8.Nxc6 bxc6
9.Qd2 Qc8 10.h3 Be6 11.f4 g6 12.b3 Bg7 13.Bb2 Rb8 14.g4 O-O 15.O-O-O Qb7
16.Rhe1 Rfd8 17.f5 Bc4 18.e5 Nd5 19.Nxd5 Bxd5 20.Bxd5 cxd5 21.f6 exf6 22.exf6
Bf8 23.Qxd5 Qxd5 24.Rxd5 Rb5 25.c4 Bh6+ 26.Kc2 Rxd5 27.cxd5 Rc8+ 28.Kd3 Bf4
29.Re4 g5 30.Ra4 Ra8 31.b4 h6 32.b5 a5 33.Bc3 Kh7 34.Rxa5 Rb8 35.a4 Kg6 36.Bd4
h5 37.b6 hxg4 38.hxg4 Rh8 39.b7 {#r} 1-0

[Event "Queima das Fitas Open"]
[Site "Coimbra POR"]
[Date "2017.04.30"]
[Round "5.4"]
[White "Dias,I"]
[Black "Fernandes,Ricardo Paulos"]
[Result "1-0"]
[WhiteElo "2187"]
[BlackElo "1778"]

1.e4 c5 2.Nf3 Nc6 3.d4 cxd4 4.Nxd4 g6 5.c4 Bg7 6.Be3 d6 7.Nc3 Nf6 8.Be2 O-O
9.O-O Bd7 10.Qd2 Re8 11.f3 a6 12.Rfd1 Qc7 13.Rac1 Rac8 14.Bf1 h6 15.Nxc6 bxc6
16.c5 dxc5 17.Na4 Be6 18.Nxc5 Red8 19.Qf2 Rxd1 20.Rxd1 a5 21.Nxe6 fxe6 22.Bc4
Kf7 23.Qc2 c5 24.Bxe6+ Kxe6 25.Qc4+ Nd5 26.Rxd5 Kf6 27.Rxc5 {#r} 1-0

[Event "Queima das Fitas Open"]
[Site "Coimbra POR"]
[Date "2017.04.30"]
[Round "5.5"]
[White "Marques,Ricardo Taborda Trigo"]
[Black "Cruz,Jor"]
[Result "0-1"]
[WhiteElo "1686"]
[BlackElo "2059"]

1.e4 c5 2.Nf3 g6 3.d4 cxd4 4.Nxd4 Nc6 5.c4 Nf6 6.Nc3 d6 7.Be2 Nxd4 8.Qxd4 Bg7
9.Be3 O-O 10.Qd2 Be6 11.O-O Qa5 12.f3 Rfc8 13.b3 a6 14.Rfc1 b5 15.cxb5 axb5
16.Rab1 b4 17.Na4 Nd7 18.Rxc8+ Rxc8 19.Rc1 Nc5 20.Nxc5 dxc5 21.Bf1 Bc3 22.Qf2
c4 23.Bxc4 Bxc4 24.bxc4 Rxc4 25.Rd1 e5 26.Qh4 Bd4 27.Rxd4 exd4 28.Bh6 d3
29.Qf6 Qc5+ 30.Kf1 Rc1+ 31.Bxc1 Qxc1+ 32.Kf2 Qd2+ 33.Kg3 Qe1+ 34.Kg4 d2 35.Kg5
d1=Q 36.Kh6 Qd4 {#R} 0-1

[Event "Queima das Fitas Open"]
[Site "Coimbra POR"]
[Date "2017.04.30"]
[Round "5.6"]
[White "Rocha,S"]
[Black "Felizes,P"]
[Result "1-0"]
[WhiteElo "2383"]
[BlackElo "1979"]

1.Nf3 Nf6 2.d4 c5 3.d5 e6 4.c4 b5 5.a4 bxc4 6.Nc3 exd5 7.Nxd5 Bb7 8.e4 Nxd5
9.exd5 Qe7+ 10.Be2 Qe4 11.Ra3 Qxd5 12.Re3+ Be7 13.Qc2 Nc6 14.Bxc4 Qh5 15.Bb5
Nd4 16.Qc3 O-O 17.Rxe7 Rfe8 18.Rxe8+ Rxe8+ 19.Be3 Qg4 20.Qxc5 Bxf3 21.gxf3
Nxf3+ 22.Kf1 Nd2+ 23.Ke1 Nf3+ 24.Kd1 Nd4+ 25.Ke1 Qe4 26.Rf1 Qb1+ 27.Kd2 Qxb2+
28.Kd3 Ne6 29.Qc2 Qa3+ 30.Kd2 Qd6+ 31.Qd3 Qxh2 32.Rc1 h5 33.Bxd7 Rd8 34.Rc8
Rxc8 35.Bxc8 Nf4 36.Qd6 g5 37.Qd8+ {#r} 1-0

[Event "Queima das Fitas Open"]
[Site "Coimbra POR"]
[Date "2017.04.30"]
[Round "5.9"]
[White "Santos,Ricardo Alexandre Luis"]
[Black "Dias,Ricardo Pedro Cruz"]
[Result "1-0"]
[WhiteElo "1901"]
[BlackElo "2142"]

1.e4 e5 2.Nf3 Nc6 3.Bb5 a6 4.Ba4 Nf6 5.O-O Be7 6.Re1 b5 7.Bb3 O-O 8.c3 d5
9.exd5 Nxd5 10.a4 Bb7 11.d4 exd4 12.cxd4 Nb6 13.axb5 axb5 14.Rxa8 Bxa8 15.Nc3
b4 16.Ne4 Na5 17.Bc2 Nac4 18.Ne5 Qd5 19.Qd3 g6 20.Nxc4 Qxc4 21.Qxc4 Nxc4
22.Nd2 Nxd2 23.Rxe7 Nc4 24.Rxc7 Bd5 25.Bd3 Nb6 26.Ra7 Rc8 27.Be3 Nc4 28.Bxc4
Rxc4 29.Rd7 Be6 30.Rd8+ Kg7 31.d5 Bf5 32.d6 Kf6 33.h4 Rc8 34.Bd4+ {#r} 1-0

[Event "Queima das Fitas Open"]
[Site "Coimbra POR"]
[Date "2017.04.30"]
[Round "5.10"]
[White "Moreira,B"]
[Black "Ferreira,Ant2"]
[Result "1-0"]
[WhiteElo "1877"]
[BlackElo "2092"]

1.e4 c5 2.d4 cxd4 3.c3 d3 4.Bxd3 Nc6 5.c4 g6 6.Nf3 Bg7 7.Nc3 d6 8.h3 Nf6 9.O-O
O-O 10.Bf4 Be6 11.Rc1 Qa5 12.b3 Rfc8 13.Qd2 a6 14.Rfe1 Nd7 15.Bg5 Nde5 16.Nxe5
Bxe5 17.Kh1 Bg7 18.Na4 Qxd2 19.Bxd2 Ne5 20.Bf1 Rab8 21.f4 b5 22.cxb5 axb5
23.Rxc8+ Bxc8 24.Nc3 b4 25.Nd5 Nc6 26.Rc1 e6 27.Nxb4 Nd4 28.Nc6 Nxc6 29.Rxc6
Bf8 30.a4 d5 31.e5 Bd7 32.Rc7 Be8 33.a5 Rxb3 34.a6 Rb1 35.Bc1 Ba3 36.Bxa3
Rxf1+ 37.Kh2 Ra1 38.Be7 Rxa6 39.Rc8 Kg7 40.Rxe8 Ra2 41.Bf8+ {#r} 1-0

[Event "Queima das Fitas Open"]
[Site "Coimbra POR"]
[Date "2017.04.30"]
[Round "5.11"]
[White "Soares,Joao Diogo Pedreiro"]
[Black "Fernandes,Miguel A. Murtinho"]
[Result "0-1"]
[WhiteElo "1858"]
[BlackElo "2021"]

1.e4 e6 2.d4 c5 3.Nf3 cxd4 4.Nxd4 a6 5.g3 Nf6 6.Bg2 e5 7.Nb3 Bb4+ 8.c3 Be7
9.O-O d6 10.h3 O-O 11.Be3 Nc6 12.Qe2 Qc7 13.N1d2 b5 14.Rfc1 Be6 15.c4 b4 16.c5
d5 17.exd5 Bxd5 18.Nc4 Bxg2 19.Kxg2 a5 20.Nb6 Rad8 21.Rd1 Rfe8 22.Qb5 Qb7
23.Kh2 a4 24.Qxa4 Nd4 25.Nxd4 exd4 26.Bxd4 Rxd4 27.Rxd4 Bxc5 28.Nd7 Re2
29.Nxf6+ gxf6 30.Rf4 Bxf2 31.Qd1 Bxg3+ 32.Kxg3 Qg2+ {#R} 0-1

[Event "Queima das Fitas Open"]
[Site "Coimbra POR"]
[Date "2017.04.30"]
[Round "5.12"]
[White "Cavaleiro,D"]
[Black "Adamski,Adam"]
[Result "1-0"]
[WhiteElo "2020"]
[BlackElo "1646"]

1.d4 Nf6 2.c4 g6 3.Nc3 d5 4.g3 Bg7 5.Bg2 c6 6.Nf3 O-O 7.cxd5 cxd5 8.O-O Nc6
9.h3 b6 10.Ne5 Bb7 11.Nxc6 Bxc6 12.Be3 Qd7 13.Qd2 Rfd8 14.Bh6 Rac8 15.Bxg7
Kxg7 16.Rac1 h6 17.Qe3 Qd6 18.a3 Bd7 19.Qe5 Be6 20.Nb5 Qd7 21.Nc7 Bxh3 22.b3
Bxg2 23.Kxg2 Kh7 24.f3 Qd6 25.Nb5 Qd7 26.a4 a6 27.Nc7 a5 28.Rh1 Ng8 29.Nb5
Rxc1 30.Rxc1 e6 31.Rc7 {#r} 1-0

[Event "Queima das Fitas Open"]
[Site "Coimbra POR"]
[Date "2017.04.30"]
[Round "5.13"]
[White "Costa,Pa"]
[Black "Atalaia,Manuel Ferreira Costa"]
[Result "1-0"]
[WhiteElo "2143"]
[BlackElo "1670"]

1.b3 Nf6 2.Bb2 d5 3.e3 c5 4.Nf3 Nc6 5.Bb5 Bd7 6.O-O e6 7.d3 Be7 8.Nbd2 b6 9.a4
O-O 10.Bxc6 Bxc6 11.Ne5 Bb7 12.f4 Rc8 13.Rf3 c4 14.Bd4 c3 15.Nf1 Bc5 16.Bxc5
bxc5 17.Rh3 c4 18.bxc4 dxc4 19.Nxc4 Qd5 20.Qe2 Ba6 21.Ne5 Rfd8 22.Qf2 Rb8
23.e4 Qd4 24.Qxd4 {#r} 1-0

[Event "Queima das Fitas Open"]
[Site "Coimbra POR"]
[Date "2017.04.30"]
[Round "5.14"]
[White "Simoes,Miguel Patricio"]
[Black "Pereira,Ant2"]
[Result "0-1"]
[WhiteElo "1654"]
[BlackElo "2137"]

1.e4 c6 2.d4 d5 3.Nc3 dxe4 4.Nxe4 Bf5 5.Ng3 Bg6 6.Nf3 Nd7 7.Bd3 Ngf6 8.c3 e6
9.Bg5 Qc7 10.Bxg6 hxg6 11.Qe2 Bd6 12.O-O-O O-O-O 13.Rhe1 Bf4+ 14.Bxf4 Qxf4+
15.Kb1 g5 16.Rh1 g4 17.Nd2 Rh7 18.f3 Rdh8 19.Ngf1 Rh5 20.g3 Qf5+ 21.Ka1 gxf3
22.Nxf3 Qe4 23.Re1 Qxe2 24.Rxe2 c5 25.N1d2 cxd4 26.Nxd4 a6 27.N4f3 Kd8 28.Ne4
Nxe4 29.Rxe4 Rf5 30.Nd4 Rxh2 31.Rd1 Rff2 32.Nxe6+ fxe6 33.Red4 Rf7 {#R} 0-1

[Event "Queima das Fitas Open"]
[Site "Coimbra POR"]
[Date "2017.04.30"]
[Round "5.15"]
[White "Sousa,Joao Filipe Viana De"]
[Black "Silva,Mariana Sofia T."]
[Result "0-1"]
[WhiteElo "1624"]
[BlackElo "1925"]

1.d4 Nf6 2.c4 g6 3.Nc3 Bg7 4.e4 d6 5.Nf3 O-O 6.Bg5 h6 7.Bh4 c5 8.d5 Qa5 9.Bd3
Bg4 10.h3 Bxf3 11.Qxf3 Nbd7 12.O-O Ne5 13.Qe2 a6 14.a4 g5 15.Bg3 Nxd3 16.Qxd3
Nd7 17.f4 Qb4 18.Nd1 Nb6 19.Rc1 Nxa4 20.fxg5 hxg5 21.Be1 Nxb2 22.Nxb2 Qxb2
23.Bc3 Qb3 24.Qg3 Bd4+ 25.Kh1 f6 26.h4 Kg7 27.hxg5 Rh8+ {#R} 0-1

[Event "PSS IM Norm 2017"]
[Site "Johannesburg RSA"]
[Date "2017.04.30"]
[Round "7.1"]
[White "Barrish,Daniel"]
[Black "Hercules,B"]
[Result "1-0"]
[WhiteElo "2252"]
[BlackElo "2163"]

1.d4 d5 2.c4 e6 3.Nf3 Nf6 4.g3 dxc4 5.Bg2 Bb4+ 6.Bd2 a5 7.Qc2 Bxd2+ 8.Nbxd2 b5
9.O-O O-O 10.a4 c6 11.Ne4 Nxe4 12.Qxe4 Ra7 13.Ne5 Bb7 14.Qe3 Qb6 15.Rfd1 Rd8
16.b3 cxb3 17.Qxb3 b4 18.Rac1 h6 19.e3 Ba8 20.Rd2 Rc7 21.Rdc2 Rdc8 22.Nc4 Qa6
23.Nd6 Rd8 24.Ne4 Nd7 25.Nc5 Qb6 26.Nxd7 Rdxd7 27.Rc5 Bb7 28.h4 Rd8 29.h5 Ba6
30.R1c2 Rd5 31.f4 Rxc5 32.Rxc5 Be2 33.Bh3 Bf3 34.Bxe6 fxe6 35.Qxe6+ Rf7 36.Rf5
Bd5 37.Rxd5 Qc7 38.Rc5 Qe7 39.Qb3 Qe4 40.Re5 Qf3 41.Re8+ Kh7 42.Qc2+ {#r} 1-0

[Event "PSS IM Norm 2017"]
[Site "Johannesburg RSA"]
[Date "2017.04.30"]
[Round "7.3"]
[White "Masango,S"]
[Black "Amonatov,F"]
[Result "0-1"]
[WhiteElo "2232"]
[BlackElo "2632"]

1.Nf3 c5 2.g3 Nc6 3.Bg2 g6 4.O-O Bg7 5.c4 d6 6.Nc3 Nf6 7.d4 cxd4 8.Nxd4 Bd7
9.b3 O-O 10.Bb2 a6 11.e4 Rb8 12.a4 Qb6 13.Nde2 Na5 14.Nd5 Nxd5 15.Bxg7 Kxg7
16.Qxd5 Bg4 17.Nc1 e5 18.Ra3 Rfc8 19.Qd2 Be6 20.h4 h5 21.Kh2 Bxc4 22.bxc4 Nxc4
23.Qa2 Nxa3 24.Qxa3 Rc2 25.Na2 Rbc8 26.Nb4 Rxf2 27.a5 Qd4 28.Rxf2 Qxf2 29.Nd3
Qd4 30.Ne1 Qc3 31.Qxc3 Rxc3 32.Bh3 Rc5 {#R} 0-1

[Event "PSS IM Norm 2017"]
[Site "Johannesburg RSA"]
[Date "2017.04.30"]
[Round "8.2"]
[White "Klaasen,C"]
[Black "Grover,S"]
[Result "0-1"]
[WhiteElo "2226"]
[BlackElo "2473"]

1.d4 Nf6 2.c4 e6 3.Nf3 d5 4.Nc3 Bb4 5.cxd5 exd5 6.Bg5 h6 7.Bxf6 Qxf6 8.e3 O-O
9.Rc1 c6 10.h3 Be6 11.Bd3 Bd6 12.O-O Nd7 13.Re1 Qe7 14.e4 dxe4 15.Bxe4 Rfd8
16.Bf5 Nf8 17.Bxe6 Nxe6 18.Qb3 Bb4 19.Re4 Ba5 20.d5 cxd5 21.Nxd5 Qd6 22.Rd1
Nc5 23.Ne7+ Qxe7 24.Rxe7 Nxb3 25.Rxd8+ Rxd8 26.axb3 Bb6 27.g3 Rd3 28.Re8+ Kh7
29.Kg2 Rxb3 30.Re2 Bc5 31.h4 a5 32.h5 g6 33.Rd2 gxh5 34.Ne5 Kg7 35.Rd7 Rxb2
36.Rxf7+ Kg8 37.Rf5 b6 38.Nd3 Rc2 39.Rf6 Bd4 40.Rd6 Rc4 41.Kf3 a4 {#R} 0-1